000 00627nam a2200133Ia 4500
005 20260209120150.0
008 260209s9999||||xx |||||||||||||| ||und||
100 _aMausam Kumar
245 0 _aInitiation of corporate insolvency resolution process against ‘financial creditors’ and ‘operational creditors’ : a comparative analysis under the insolvency and bankruptcy code, 2016
260 _aBangaloreBangalore
_bNLSIU, Bangalore
_c2023 - 2024
300 _a30 p. ; 25 cm.
700 _aProf. Dr. O V Nandimath - SupervisorProf. Dr. O V Nandimath - Supervisor
856 _uhttps://dans.nls.ac.in/handle/123456789/2118
999 _c217682
_d217682